000 00515nam a2200181Ia 4500
008 240925s9999 xx 000 0 und d
020 _a9788126515691
082 _a621.38173 GRA
100 _aGray, Paul R.; Hurst ,Paul J.
245 0 _aAnalysis And Design of Analog Integrated Circuits
250 _a4th
260 _aNew Delhi:
_bJohn Wiley & Sons
_c,2001.
300 _aVarious pages
_bN.A
_fOriginal
500 _aIncludes Index
600 _aEngineering Technology
650 _aTechnology
942 _cBK
999 _c10474
_d10474